000 00559nam a2200241Ia 4500
005 20260320201019.0
008 008 262003s9999 xx 000 0 eng d
037 _aEBOOK
040 _aCRL
040 _beng
040 _cCRL
041 _2eng
041 _aeng
084 _qCRL
100 _aBailey
245 0 _aDesign for Embedded Image Processing on FPGAs
260 _bIEEE
260 _c2011
856 _uhttps://ieeexplore.ieee.org/servlet/opac?bknumber=6016259
942 _cEBOOK
999 _c1718288
_d1718288